| 000 | 00000nam##2200000za#4500 |
| 001 | 9.602181 |
| 003 | CaOODSP |
| 005 | 20210624210436 |
| 007 | cr ||||||||||| |
| 008 | 150406|2000||||xxc|||||o f|0| 0 fre|d |
| 040 | |aCaOODSP|bfre |
| 043 | |an-cn--- |
| 086 | 1 |aNH18-23/75F-PDF |
| 110 | 2 |aSociété canadienne d'hypothèques et de logement. |
| 245 | 10|aLeçons à tirer des banlieues : |h[ressource électronique]|bconception des rues dans les quartiers résidentiels |
| 260 | |aOttawa - Ontario : |bSociété canadienne d'hypothèques et de logement |c[2000]. |
| 300 | |a6p.|bfigures |
| 490 | 1 |aLe point en recherche. Série socio-économique|v75 |
| 590 | |a11-23-Supp|b2011-10-17 |
| 691 | 07|aUrbanisme|2gcpds |
| 691 | 07|aCommunauté urbaine|2gcpds |
| 775 | 08|tLearning from suburbia : |w(CaOODSP)9.571754 |
| 776 | 0#|tLeçons à tirer des banlieues : |w(CaOODSP)9.625576 |
| 830 | #0|aLe point en recherche. Série socio-économique ;|v75|w(CaOODSP)9.501568 |
| 856 | 40|ahttp://publications.gc.ca|qPDF|s376 Ko|uhttps://publications.gc.ca/collections/Collection/NH18-23-75F.pdf|y75 |